<?xml-stylesheet type="text/xsl" href="MARC21slim2English.xsl"?>
<collection><record><leader>01578ntda 2200373   4500</leader><controlfield tag="005">20070308115135.0</controlfield><controlfield tag="008">050725i18691869nz |||||      |00 ||||| d</controlfield><datafield ind1=" " ind2=" " tag="016"><subfield code="a">urn:nbn:nz:wtu:MS-Papers-0032-0693H-21</subfield></datafield><datafield ind1="8" ind2=" " tag="024"><subfield code="a">hdl:1727.11/45824</subfield></datafield><datafield ind1=" " ind2=" " tag="035"><subfield code="9">tap:1024146</subfield></datafield><datafield ind1=" " ind2=" " tag="040"><subfield code="a">WTU</subfield></datafield><datafield ind1=" " ind2=" " tag="040"><subfield code="e">rad</subfield></datafield><datafield ind1=" " ind2=" " tag="084"><subfield code="a">MS-Papers-0032-0693H-21</subfield></datafield><datafield ind1=" " ind2=" " tag="084"><subfield code="b">iid:45824</subfield></datafield><datafield ind1="0" ind2="0" tag="245"><subfield code="a">Correspondence in Maori - Taraia Ngakuti Te Tumuhuia (I)</subfield><subfield code="n">MS-Papers-0032-0693H-21</subfield></datafield><datafield ind1=" " ind2=" " tag="260"><subfield code="c">1869</subfield></datafield><datafield ind1=" " ind2=" " tag="300"><subfield code="a">1  piece</subfield></datafield><datafield ind1=" " ind2=" " tag="300"><subfield code="b">Holograph</subfield></datafield><datafield ind1=" " ind2=" " tag="340"><subfield code="a">Manuscript</subfield></datafield><datafield ind1=" " ind2=" " tag="351"><subfield code="c">Piece</subfield></datafield><datafield ind1=" " ind2="0" tag="440"><subfield code="a">McLean, Donald (Sir), 1820-1877 : Papers  </subfield><subfield code="n">MS-Group-1551</subfield></datafield><datafield ind1=" " ind2=" " tag="506"><subfield code="a">RESTRICTED - Microfilm available. Use MS-Copy-Micro-0535-112.</subfield></datafield><datafield ind1="8" ind2=" " tag="520"><subfield code="a">First page of a three page letter, written in Maori</subfield></datafield><datafield ind1=" " ind2=" " tag="580"><subfield code="a">PART OF COLLECTION</subfield></datafield><datafield ind1=" " ind2=" " tag="580"><subfield code="a">NON-ISSUABLE Piece of Item</subfield></datafield><datafield ind1="2" ind2=" " tag="648"><subfield code="a">1869</subfield></datafield><datafield ind1="1" ind2=" " tag="700"><subfield code="a">Taraia Ngakuti Te Tumuhuia, d 1872</subfield><subfield code="e"> (Contributor)</subfield><subfield code="3">tap:298122</subfield></datafield><datafield ind1="1" ind2="8" tag="772"><subfield code="t">McLean letters - Inward letters in Maori</subfield><subfield code="w">MS-Papers-0032-0693H</subfield></datafield><datafield ind1="1" ind2="8" tag="773"><subfield code="t">Series 3  Inward letters (Maori)</subfield><subfield code="w">Series-4327</subfield></datafield><datafield ind1=" " ind2=" " tag="850"><subfield code="a">Alexander Turnbull Library, Wellington, New Zealand</subfield></datafield><datafield ind1="8" ind2=" " tag="852"><subfield code="b">Manuscripts and Archives Collection</subfield><subfield code="h">MS-Papers-0032-0693H-21</subfield></datafield><datafield ind1="4" ind2="1" tag="856"><subfield code="u">http://digital.natlib.govt.nz/get/45824?profile=thumb</subfield><subfield code="x">Thumbnail</subfield><subfield code="y">Thumbnail for resource</subfield></datafield><datafield ind1="4" ind2="1" tag="856"><subfield code="u">http://digital.natlib.govt.nz/get/45824?profile=access</subfield><subfield code="x">AccessFormat</subfield><subfield code="y">Link to electronic resource</subfield></datafield><datafield ind1="4" ind2="1" tag="856"><subfield code="u">http://digital.natlib.govt.nz/get/45824?role=PM</subfield><subfield code="x">Preservation</subfield><subfield code="y">Link to preservation copy [restricted access]</subfield></datafield></record></collection>